Дело по отношению Конторы московских театров о доставлении документов переведённой на службу к ним актрисы французской труппы Ав...

Доступно только в Электронных читальных залах Найти на картеНа карте
RUSMARC
00003789nmc2a22000003x 450
00149e3003e-1ce0-4d6f-b583-4cef6c5a47b5
00520181227110841.0
100##$a20170629l18481848k l0rusy0189 ca
1010#$arus
102##$aRU
2001#$aДело по отношению Конторы московских театров о доставлении документов переведённой на службу к ним актрисы французской труппы Августины Борсари
$j6 июня - 12 сентября 1848 г.
251##$cДело
300##$aПо Санкт-Петербургской дирекции за 1848 год
300##$aДело
801#0$aRU
$bРГИА
$c20170629
$gRCR
801#1$aRU
$bГлавНИВЦ
$c20170629
$2rusmarc
801#2$aRU
$bПБ им. Б.Н. Ельцина
$c20181227
$gRCR
$2rusmarc
850##$aРГИА
852##$aРГИА
$eФедеральное казенное учреждение "Российский государственный исторический архив" (РГИА)
$j11543
937##$hРГИА
$d12247675
$aASBIBLIO_SCAN
462#0$1001dd3991dc-24e1-42ec-8838-ca4255420416
$12001
$a1746-1850 гг.
$1251
$cОпись
$1852
$j1
461#0$10019264ebf8-de62-4f1a-9eb4-9f22098dbbd5
$12001
$aДирекция императорских театров МИДв
$1251
$cФонд
$1852
$j497
215##$a11 л.
$d36,5х26 см
371##$aДокумент не является опубликованным и широко распространяемым
105##$ay###
1222#$ad
035##$a49e3003e-1ce0-4d6f-b583-4cef6c5a47b5
856##$uhttp://readingroom.main.prlib.ru/item.aspx?id_node=n122502622&mode=full
Формат отображения